000 00912nam a2200205Ii 4500
003 JO-AjNU
008 230605s9999||||xx |||||||||||||| ||und||
017 _a1985/3/142
040 _aJO-AjNU
_bara
_erda
_cJO-AjNU
041 _aara
050 1 4 _aHN49.C6. S48 1986
100 3 _aالصقور، محمد محمود ,
_eauthor
_935854
245 0 0 _aالتخطيط الاقليمي والتنمية في الريف: دراسة تطبيقية على الريف الاردني=Regional planning & development in Rural Communities: A Case Study in Rural Jordan
264 3 1 _aعمان: شقير وعكشة للطباعة والنشر، 1986
300 _a303ص
_bيحتوي على ببلوغرافية وملاحق من 269-303ص
336 _atext
_btxt
_2rdacontent
337 _aunmediated
_bn
_2rdamedia
338 _avolume
_bnc
_2rdacarrier
650 4 _aالتنمية الريفية - الأردن 
_935855
999 _aA14842
_c18410
_d18410